| 000 | 00596nam a2200193 i 4500 | ||
|---|---|---|---|
| 001 | 78929 | ||
| 003 | ES-MaACL | ||
| 005 | 20231214194415.0 | ||
| 007 | t| | ||
| 008 | 041018s1968 sp ||||1| spa d | ||
| 100 | 1 |
_aHeilbroner, Robert, L. _962350 |
|
| 245 | 1 | 4 |
_aLos límites del capitalismo americano / _cRobert L. Heilbroner ; [traducción de Luis Carandell]. |
| 250 | _a[1ª ed.]. | ||
| 260 |
_aBarcelona : _bKairós, _c[1968] |
||
| 300 |
_a151 p. ; _c21 cm. |
||
| 700 | 1 |
_aCarandell, Luis, _d1929-2002 _934959 |
|
| 852 |
_aES-MaACL _jG-7363 _bR.65909 |
||
| 999 |
_c78929 _d78929 |
||